000 00324nam a2200121Ia 4500
008 220216s9999 xx 000 0 und d
100 _aMohanachandran Nair S
245 0 _aRubber Parks: Powering the progress of rubber industry
260 _bRubber Asia
_c2013
300 _a84-91
650 _aRubber industry
942 _cBS
999 _c51183
_d51183